Cá kinh tế nước ngọt ở Việt Nam
Sách cung cấp những hiểu biết về hình dạng, nơi phân bố, tập tính, sự sinh trưởng, thức ăn, sinh sản, bệnh,... của các loài cá kinh tế nước ngọt của Việt Nam.
Na minha lista:
| Autor principal: | |
|---|---|
| Formato: | Livro |
| Idioma: | Undetermined |
| Publicado em: |
Hà Nội
Khoa học và Kỹ thuật
1983
|
| Assuntos: | |
| Tags: |
Adicionar Tag
Sem tags, seja o primeiro a adicionar uma tag!
|
| Thư viện lưu trữ: | Trung tâm Học liệu Trường Đại học Cần Thơ |
|---|
| LEADER | 00835nam a2200217Ia 4500 | ||
|---|---|---|---|
| 001 | CTU_14440 | ||
| 008 | 210402s9999 xx 000 0 und d | ||
| 082 | |a 639.31 | ||
| 082 | |b Y603 | ||
| 100 | |a Mai, Đình Yên | ||
| 245 | 0 | |a Cá kinh tế nước ngọt ở Việt Nam | |
| 245 | 0 | |c Mai Đình Yên | |
| 260 | |a Hà Nội | ||
| 260 | |b Khoa học và Kỹ thuật | ||
| 260 | |c 1983 | ||
| 520 | |a Sách cung cấp những hiểu biết về hình dạng, nơi phân bố, tập tính, sự sinh trưởng, thức ăn, sinh sản, bệnh,... của các loài cá kinh tế nước ngọt của Việt Nam. | ||
| 650 | |a Fish,Freshwater fishes | ||
| 650 | |x Culture | ||
| 650 | |z Vietnam | ||
| 904 | |i Minh | ||
| 980 | |a Trung tâm Học liệu Trường Đại học Cần Thơ | ||